00303pab a2200121 454500008004000000100002200040245004000062260000900102300001200111362001200123650001200135773003400147180718b1987 xxu||||| |||| 00| 0 eng d aRangasami, Amrita aFaminabThe anthropoligical account c1987 a1413-14 a15 Aug. aDrought aEconomic and Political Weekly